Fundamentals of nursing : (Record no. 459)
[ view plain ]
| 000 -LEADER | |
|---|---|
| fixed length control field | 01026cam a22003014a 4500 |
| 001 - CONTROL NUMBER | |
| control field | 15003092 |
| 003 - CONTROL NUMBER IDENTIFIER | |
| control field | OSt |
| 005 - DATE AND TIME OF LATEST TRANSACTION | |
| control field | 20210218190444.0 |
| 008 - FIXED-LENGTH DATA ELEMENTS--GENERAL INFORMATION | |
| fixed length control field | 070911s2007 moua b 001 0 eng |
| 010 ## - LIBRARY OF CONGRESS CONTROL NUMBER | |
| LC control number | 2007280292 |
| 020 ## - INTERNATIONAL STANDARD BOOK NUMBER | |
| International Standard Book Number | 9781416034360 |
| 040 ## - CATALOGING SOURCE | |
| Original cataloging agency | DLC |
| Transcribing agency | DLC |
| Modifying agency | DLC |
| -- | PHNSL |
| 050 00 - LIBRARY OF CONGRESS CALL NUMBER | |
| Classification number | RT41 |
| Item number | .F86 2004 |
| 082 00 - DEWEY DECIMAL CLASSIFICATION NUMBER | |
| Classification number | 610.73068 |
| Edition number | 22 |
| 100 ## - MAIN ENTRY--PERSONAL NAME | |
| Personal name | Harkreader, Helen |
| 245 00 - TITLE STATEMENT | |
| Title | Fundamentals of nursing : |
| Remainder of title | caring and clinical judgement / |
| Statement of responsibility, etc. | Helen Harkreader, Mary Ann Hogan, Marshelle Thobaben. |
| 250 ## - EDITION STATEMENT | |
| Edition statement | 3rd ed. |
| 260 ## - PUBLICATION, DISTRIBUTION, ETC. | |
| Place of publication, distribution, etc. | St. Louis, Mo. : |
| Name of publisher, distributor, etc. | Saunders/Elsevier, |
| Date of publication, distribution, etc. | 2007. |
| 300 ## - PHYSICAL DESCRIPTION | |
| Extent | xxx, 1394 p. : |
| Other physical details | ill. (some col.) ; |
| Dimensions | 29 cm. + |
| Accompanying material | 1 computer optical disc (4 3/4 in.) |
| 650 #0 - SUBJECT ADDED ENTRY--TOPICAL TERM | |
| Topical term or geographic name entry element | Nursing |
| General subdivision | Practice. |
| 650 #0 - SUBJECT ADDED ENTRY--TOPICAL TERM | |
| Topical term or geographic name entry element | Nursing. |
| 650 #0 - SUBJECT ADDED ENTRY--TOPICAL TERM | |
| Topical term or geographic name entry element | Nursing |
| General subdivision | Practice |
| Geographic subdivision | United States. |
| 700 1# - ADDED ENTRY--PERSONAL NAME | |
| Personal name | Hogan, Mary Ann, |
| Titles and other words associated with a name | MSN. |
| 700 1# - ADDED ENTRY--PERSONAL NAME | |
| Personal name | Thobaben, Marshelle |
| 906 ## - LOCAL DATA ELEMENT F, LDF (RLIN) | |
| a | 7 |
| b | cbc |
| c | origcop |
| d | 2 |
| e | ncip |
| f | 20 |
| g | y-gencatlg |
| 942 ## - ADDED ENTRY ELEMENTS (KOHA) | |
| Source of classification or shelving scheme | Library of Congress Classification |
| Koha item type | Books |
| Withdrawn status | Lost status | Source of classification or shelving scheme | Damaged status | Not for loan | Home library | Current library | Shelving location | Date acquired | Total Checkouts | Full call number | Barcode | Date last seen | Copy number | Price effective from | Koha item type | Public note |
|---|---|---|---|---|---|---|---|---|---|---|---|---|---|---|---|---|
| Library of Congress Classification | Public Health Nurses School | Public Health Nurses School | General Stacks | 02/18/2021 | RT41.H22 | 00726 | 02/18/2021 | c.1 | 02/18/2021 | Books | kd 18/02/21 |
